Cría y explotación del ganado bovino /

Guardado en:
Autor Principal: Fraser, Allan
Formato: Libro
Publicado: México : Continental, 1974
Edición:6a. ed.
Materias:
Etiquetas: Agregar Etiqueta
Sin Etiquetas, Sea el primero en etiquetar este registro!
LEADER 01033nam a22002055a 4500
001 CEM.cems018018
005 20130521104922.0
008 130507s1974##################000#0#####d
003 CEMS
082 0 4 |a 636.2 
100 1 |a Fraser, Allan 
245 1 0 |a Cría y explotación del ganado bovino /  |c Allan Fraser 
250 |a 6a. ed. 
260 |a México :  |b Continental,  |c 1974 
300 |a 329 p. 
505 0 |a La carne de res y su calidad -- El mercado y calificación de la carne -- Shorthorn de carne -- La raza Aberdeen-Angus -- La raza Hereford -- Ganado Devon y Sussex -- Ganado de doble propósito -- Ganado de tierras altas -- Algunas razas extranjeras -- Fuentes de suministro de carne A. Terrenos montañosos y marginales -- Fuentes de producción de carne B. Ganados lecheros -- Manejo de ganado -- Ternera y Baby Beef -- Engorda del ganado. Invierno -- Engorda del ganado. Verano 
653 |a Bovinos 
653 |a Bovinos-producción 
653 |a Bovinos-cría 
859 |a CEMS  |b BIB. CEMS - Agricultura  |h 636.2  |i F862a6  |p A1887.13  |t Ej.1